| 000 | 01755nam a2200397 a 4500 | ||
|---|---|---|---|
| 001 | ebr10540412 | ||
| 003 | CaPaEBR | ||
| 006 | m u | ||
| 007 | cr cn||||||||| | ||
| 008 | 120215s2012 ne sb 001 0 eng d | ||
| 010 | _z 2012002091 | ||
| 020 | _z9789027213518 (hb : alk. paper) | ||
| 020 | _z9789027274649 (e-book) | ||
| 040 |
_aCaPaEBR _cCaPaEBR |
||
| 035 | _a(OCoLC)781744916 | ||
| 050 | 1 | 4 |
_aQP458 _b.O432 2012eb |
| 082 | 0 | 4 |
_a612.8/6 _223 |
| 245 | 0 | 0 |
_aOlfactory cognition _h[electronic resource] : _bfrom perception and memory to environmental odours and neuroscience / _cedited by Gesualdo M. Zucco, Rachel S. Herz, and Benoist Schaal. |
| 260 |
_aAmsterdam ; _aPhiladelphia : _bJohn Benjamins Pub. Co., _c2012. |
||
| 300 | _axvii, 317 p. | ||
| 490 | 1 |
_aAdvances in consciousness research, _x1381-589X ; _v85 |
|
| 504 | _aIncludes bibliographical references and index. | ||
| 505 | 0 | _apt. 1. Perception, psychophysics and odour environment -- pt. 2. Learning and memory -- pt. 3. Neuropsychology and olfactory dysfunctions -- pt. 4. Odor hedonic perception and development. | |
| 533 |
_aElectronic reproduction. _bPalo Alto, Calif. : _cebrary, _d2011. _nAvailable via World Wide Web. _nAccess may be limited to ebrary affiliated libraries. |
||
| 650 | 0 | _aOlfactometry. | |
| 650 | 0 | _aOlfactory receptors. | |
| 650 | 0 | _aSmell. | |
| 650 | 0 | _aNeurobiology. | |
| 655 | 7 |
_aElectronic books. _2local |
|
| 700 | 1 | _aZucco, Gesualdo. | |
| 700 | 1 |
_aHerz, Rachel, _d1963- |
|
| 700 | 1 | _aSchaal, Benoist. | |
| 710 | 2 | _aebrary, Inc. | |
| 830 | 0 |
_aAdvances in consciousness research ; _vv. 85. |
|
| 856 | 4 | 0 |
_uhttp://site.ebrary.com/lib/rucke/Doc?id=10540412 _zAn electronic book accessible through the World Wide Web; click to view |
| 999 |
_c246034 _d246034 |
||